Mathematical methods in the physical sciences / (Record no. 28275)

MARC details
000 -LEADER
fixed length control field 00916nac a22002891i 4500
003 - CONTROL NUMBER IDENTIFIER
control field EG-ScBUE
005 - DATE AND TIME OF LATEST TRANSACTION
control field 20240924131826.0
008 - FIXED-LENGTH DATA ELEMENTS--GENERAL INFORMATION
fixed length control field 101003t2006 njua f b 001 0 eng d
020 ## - INTERNATIONAL STANDARD BOOK NUMBER
International Standard Book Number 0471365807
020 ## - INTERNATIONAL STANDARD BOOK NUMBER
International Standard Book Number 9780471365808
040 ## - CATALOGING SOURCE
Original cataloging agency EG-ScBUE
Language of cataloging eng
Description conventions rda
Transcribing agency EG-ScBUE
Modifying agency EG-ScBUE
082 04 - DEWEY DECIMAL CLASSIFICATION NUMBER
Classification number 510
Item number BOA
Edition number 22
100 1# - MAIN ENTRY--PERSONAL NAME
Personal name Boas, Mary L.,
Relator term author.
9 (RLIN) 20021
245 10 - TITLE STATEMENT
Title Mathematical methods in the physical sciences /
Statement of responsibility, etc Mary L. Boas, DePaul University.
250 ## - EDITION STATEMENT
Edition statement Third edition.
264 #1 - PUBLICATION, DISTRIBUTION, ETC. (IMPRINT)
Place of publication, distribution, etc Hoboken, NJ :
Name of publisher, distributor, etc Wiley,
Date of publication, distribution, etc [2006]
264 #4 - PUBLICATION, DISTRIBUTION, ETC. (IMPRINT)
Date of publication, distribution, etc c2006
300 ## - PHYSICAL DESCRIPTION
Extent xviii, 839 pages :
Other physical details illustrations ;
Dimensions 27 cm
336 ## - CONTENT TYPE
Source rdacontent
Content type term text
Content type code txt
337 ## - MEDIA TYPE
Media type term unmediated
Source rdamedia
Media type code n
338 ## - CARRIER TYPE
Carrier type term volume
Carrier type code nc
Source rdacarrier
504 ## - BIBLIOGRAPHY, ETC. NOTE
Bibliography, etc Includes bibliographical references and index.
650 #7 - SUBJECT ADDED ENTRY--TOPICAL TERM
Topical term or geographic name as entry element Mathematics.
9 (RLIN) 20022
Source of heading or term BUEsh
651 ## - SUBJECT ADDED ENTRY--GEOGRAPHIC NAME
Source of heading or term BUEsh
655 ## - INDEX TERM--GENRE/FORM
Form subdivision Reading book
942 ## - ADDED ENTRY ELEMENTS (KOHA)
Koha item type Book - Borrowing
Source of classification or shelving scheme Dewey Decimal Classification
Holdings
Withdrawn status Lost status Source of classification or shelving scheme Damaged status Not for loan Collection code Home library Current library Shelving location Date acquired Source of acquisition Cost, normal purchase price Total Checkouts Total Renewals Full call number Barcode Date last seen Date checked out Cost, replacement price Price effective from Koha item type Checked out
    Dewey Decimal Classification       Central Library Central Library First floor 08/11/2005   189.00 4 1 510 BOA 000004954 15/07/2025 25/07/2018 236.25 08/11/2005 Book - Borrowing  
    Dewey Decimal Classification       Central Library Central Library First floor 08/11/2005   189.00 3   510 BOA 000004875 15/11/2021 15/11/2021 236.25 08/11/2005 Book - Borrowing 15/12/2021
    Dewey Decimal Classification       Central Library Central Library First floor 08/11/2005     1   510 BOA 000004953 15/07/2025   190.00 08/11/2005 Book - Borrowing  
    Dewey Decimal Classification       Central Library Central Library First floor 08/11/2005     3   510 BOA 000004867 15/07/2025 21/09/2013 190.00 08/11/2005 Book - Borrowing  
    Dewey Decimal Classification       Central Library Central Library First floor 08/11/2005     1 3 510 BOA 000004880 15/07/2025 19/12/2017 190.00 08/11/2005 Book - Borrowing  
    Dewey Decimal Classification       Central Library Central Library First floor 08/11/2005     1   510 BOA 000004879 15/07/2025   190.00 08/11/2005 Book - Borrowing  
    Dewey Decimal Classification       Central Library Central Library First floor 08/11/2005     7   510 BOA 000004877 15/07/2025   190.00 08/11/2005 Book - Borrowing  
    Dewey Decimal Classification       Central Library Central Library First floor 08/11/2005   189.00 4 2 510 BOA 000004878 15/07/2025 10/07/2019 236.25 09/11/2005 Book - Borrowing  
    Dewey Decimal Classification       Central Library Central Library First floor 08/11/2005   189.00 2   510 BOA 000004882 15/07/2025   236.25 30/10/2006 Book - Borrowing  
    Dewey Decimal Classification     Baccah Central Library Central Library First floor 03/10/2010   189.00     510 BOA 000004881 15/07/2025   236.25 03/10/2010 NB - Book (Non borrowing)